000 00418nam a2200133Ia 4500
003 GCL
008 140319s9999 xx 000 0 ara d
040 _aGCL /
_cGCL
082 0 4 _a823.01
_bهـ ق
100 1 _aهوثورن, نتانيال
245 1 0 _aاثنا عشر قصة /
_cهوثورن, نتانيال
300 _a221 ص
490 _aالسلسلة القصصية لتعليم اللغة الانكليزية
_v0
999 _c47536
_d47536